Keeping the world disarmed /

Bibliographic Details
Main Author: Waskow, Arthur I.
Format: Book
Language:English
Published: Santa Barbara, Calif. : Center for the Study of Democratic Institutions, [1965]
Series:Center for the Study of Democratic Institutions. Papers on peace
Subjects:

MARC

Tag First Indicator Second Indicator Subfields
LEADER 00000cam a2200000 4500
001 in00000056286
005 20151008052422.0
008 740920s1965 cau 00010 eng
010 |a  65029752  
035 |a (OCoLC)01017450 
035 |9 AAH3242AM 
040 |a DLC  |c TOL  |d OCL  |d TXA  |d UtOrBLW 
049 |a TXAM  |c [451840] 
050 0 0 |a JX1981.P7  |b W318 
082 0 |a 341.65 
092 |a 341.65  |b W319k 
100 1 |a Waskow, Arthur I. 
245 1 0 |a Keeping the world disarmed /  |c by Arthur I. Waskow. 
264 1 |a Santa Barbara, Calif. :  |b Center for the Study of Democratic Institutions,  |c [1965] 
300 |a 87 pages ;  |c 22 cm. 
336 |a text  |b txt  |2 rdacontent 
337 |a unmediated  |b n  |2 rdamedia 
338 |a volume  |b nc  |2 rdacarrier 
490 0 |a Center for the Study of Democratic Institutions. Papers on peace 
650 0 |a International police. 
650 0 |a Disarmament. 
999 |a MARS 
999 f f |s 3db7e9fb-1fae-311b-a434-c25240509993  |i 5c4124e7-42e7-3b87-9deb-11622b1118d3  |t 0 
952 f f |p ric  |a Texas A&M University  |b Rellis Campus  |c Joint Library Facility  |d Remote Storage  |t 0  |e JX1981.P7 W318  |h Library of Congress classification  |i unmediated -- volume  |m A14800785209 
998 f f |a JX1981.P7 W318  |t 0  |l Remote Storage